000 00616nam a2200193Ii 4500
003 JO-AjNU
008 230605s9999||||xx |||||||||||||| ||und||
040 _aJO-AjNU
_bara
_erda
_cJO-AjNU
041 _aara
050 1 4 _aHX 550.8. G4288
100 3 _aالغزالي، محمد,
_eauthor
_915154
245 0 0 _aالاسلام والمناهج الاشتراكية
264 3 1 _aالقاهرة: دار الكتب الحديثة
300 _a272ص
336 _atext
_btxt
_2rdacontent
337 _aunmediated
_bn
_2rdamedia
338 _avolume
_bnc
_2rdacarrier
650 4 _aالاسلام والشيوعية
_915155
999 _aA4213
_c7781
_d7781